000 00576nam a2200181Ia 4500
008 151018s9999 xx 000 0 und d
082 _bRBASDV4797
_a891.463
100 _aचंद्रकांत काकोडकर
245 _aसुजाता
250 _b1
260 _bप्रताप प्रकाशन
_c1961
300 _a207
600 _aचंद्रकांत काकोडकर
630 _aसुजाता
700 _aचंद्रकांत काकोडकर
730 _aसुजाता
942 _cBOOK
999 _c1007182
_d1007179